000 00296nam a2200121Ia 4500
008 190802s9999 xx 000 0 und d
020 _a978-81-313-0880-6
100 _aJohn G.Helmkamp
245 0 _aManagerial Accounting
260 _aIndia
_bMcGraw Hill
_c2013
300 _a826:p
942 _cBK
999 _c2161
_d2161